000
00244 a2200097 4500
001
34579
100
_a
Mongia, Rajech
245
_a
RF and microwave coupled line circuits
260
_a
London
_b
Artech House, London
_c
1996
090
_c
22862
_d
22862
942
_a
NUST-CAE
_c
_c
14294
999
_c
269652
_d
269652